Very Difficult South Park Quiz - Statistics

General Stats
  • This quiz has been taken 2,016 times
  • The average score is 7 of 15
Answer Stats
Hint Answer % Correct
Stoned towel Towelie
95%
Saddam Hussein's boyfriend Satan
88%
Sexual Harassment... Panda
65%
The diabetic kid Scott Malkinson
58%
Smurf killer Wendy Testaburger
57%
The first ever episode Cartman Gets an Anal Probe
55%
The main victim of the underpants gnomes Tweek
49%
Stan was the leader of which cult? Scientology
41%
Cartman's dad (and it's not his mum) Jack Tenorman
40%
The European equivalent of Canada Denmark
37%
Canadian Prime Minister in "It's Christmas in Canada" Saddam Hussein
22%
The mad scientist Dr. Mophisto
19%
Which species were wrongly blamed for the destruction at Beaverton? Crab People
16%
"I thought you hated -------". "I meant the country". Whales
9%
In the Pip episode, who is the King of England? Tony Blair
2%
No matching quizzes found
Score Distribution
Percent of People with Each Score
Percentile by Number Answered
Your Score History
You have not taken this quiz